| 000 | 00370nam a2200145Ia 4500 | ||
|---|---|---|---|
| 005 | 20251222141929.0 | ||
| 008 | 251222s9999||||xx |||||||||||||| ||spa|| | ||
| 020 | _a958-600-881-9 | ||
| 082 | _a652.3/C32 | ||
| 100 | _aCastell de Dueías, Beatriz | ||
| 245 | 0 | _aCurso Básico de Mecanografía | |
| 250 | _a4a. ed. | ||
| 264 | _bMcGRAW-HILL INTERAMERICANA | ||
| 942 | _cLIB | ||
| 999 |
_c8967 _d8967 |
||